000 00217nam a22000857a 4500
008 161013b xxu||||| |||| 00| 0 eng d
100 _9836
_aHindi
245 _aHindi Story Books
260 _aNew Delhi
_bAtmaram and Sons
_c2007
999 _c3488
_d3488